| 000 | 00534nam a2200145Ia 4500 | ||
|---|---|---|---|
| 999 |
_c12611 _d12611 |
||
| 082 | _aTP.0026 | ||
| 100 | _aPrasad, K.N. | ||
| 245 | 0 | _aDevelopment of terminology in the field of library classification with special reference to Indian School of thought : A case study in terminology development | |
| 260 |
_c1983 _bKarnatak University |
||
| 300 | _a403p. + C D - 46 | ||
| 650 | _aCLASSIFICATION - TERMINOLOGY | ||
| 650 | _aLIBRARY SCIENCE - TERMINOLOGY///CLASSIFICATION - TERMINOLOGY | ||
| 710 | _aKumbhar, M.R. | ||
| 942 |
_cTH _2ddc |
||